000 002720000a22001090004500
090 _aAR
_b04759
100 1 _aWhitham, Thomas G.
_998911
245 1 0 _aPlant hybrid zones as sinks for pests
041 0 _aInglés
942 _cARTICULO
773 1 _tScience
_q1490-1493
_d1989
_g244
999 _c13859
_d13859